000 00299nam a22001337a 4500
008 170327b xxu||||| |||| 00| 0 eng d
020 _a9780323044837
041 _aeng
080 _211 ED
_a615.83
100 _a8
101 _aSHM
245 _aOPERATING ROOM TECHNIQUE
_cBERRY.K
942 _2udc
_cBK
999 _c8760
_d8760